La camisa; El cuerpo; El cuarto poder

محفوظ في:
التفاصيل البيبلوغرافية
المؤلف الرئيسي: Olmo, Laura
التنسيق: كتاب
اللغة:Undetermined
منشور في: Madrid, España Taurus 1970
الموضوعات:
الوسوم: إضافة وسم
لا توجد وسوم, كن أول من يضع وسما على هذه التسجيلة!

MARC

LEADER 00000nam a2200000Ia 4500
008 170316s9999 xx 000 0 und d
040 |a cru BVZT 
090 |a 862 O-2c 
100 |a Olmo, Laura 
245 |a La camisa; El cuerpo; El cuarto poder 
260 |a Madrid, España 
260 |b Taurus 
260 |c 1970 
300 |a 258 páginas 
650 |a LITERATURA ESPAÑOLA 
999 |c 10249  |d 10249 
942 |c 15 D  |h 862 O-2c  |2 z